Islami Saqafat aur Daure Jadeed (Record no. 21034)

MARC details
000 -LEADER
fixed length control field 00313nam a22001337a 4500
082 ## - DEWEY DECIMAL CLASSIFICATION NUMBER
Classification number 297 PIC
100 ## - MAIN ENTRY--AUTHOR NAME
Author name Pikthal Mohammad Marmadeok
245 ## - TITLE STATEMENT
Title Islami Saqafat aur Daure Jadeed
260 ## - PUBLICATION, DISTRIBUTION, ETC. (IMPRINT)
Place of publication New Delhi
Name of publisher Areeb Publication
Year of publication 2011
300 ## - PHYSICAL DESCRIPTION
Number of Pages 208
650 ## - SUBJECT ADDED ENTRY--TOPICAL TERM
Topical Term Islam - Culture
942 ## - ADDED ENTRY ELEMENTS (KOHA)
Koha item type Books
Holdings
Home library Current library Shelving location Date acquired Cost, normal purchase price Full call number Accession Number Koha item type
Henry Martyn Institute Library Henry Martyn Institute Library General stacks 05/25/2018 100.00 297 PIC 24367 Books
                   Copyright © 2026 | Henry Martyn Institute | Hyderabad | TS-500052 | INDIA | Implemented by hmi.edu.in
Hit-Count:

Powered by Koha